000
00398nam a22001697a 4500
003
MPLRDC
005
20220104113812.0
008
210129b ||||| |||| 00| 0 eng d
082
_a
857.7 JXT v.10
100
_a
姬小苔
245
_a
有情归梦
_c
250
_a
初版
260
_a
_b
万盛出版有限公司
_c
1982
300
_b
平
650
_a
长篇小说
942
_c
BK
_o
857.7 JXT v.10
999
_c
2475
_d
2465